Bienvenue au Catalogue en Ligne des Bibliothèques de l'Universite du Burundi

Structure financière du dirigeant ,gouvernance manageriale et reussité successorale des petites et moyennes entreprises familliales du kivu en RDC (Record no. 53763)

000 -GUIDE
Champ de contrôle de longueur fixe 00937nam a22002177a 4500
003 - IDENTITÉ DU NUMÉRO DE CONTRÔLE
Champ de contrôle BI-BuBU
008 - ÉLÉMENTS DE LONGUEUR FIXE - RENSEIGNEMENTS GÉNÉRAUX
Champ de contrôle de longueur fixe 260416b2023 bd fr|||| 000 0 fre d
037 ## - SOURCE D'ACQUISITION
Source d'acquisition et du numéro d'inventaire Don de l'auteur
039 ## - NIVEAU DE CONTRÔLE BIBLIOGRAPHIQUE ET HISTORIQUE D'ENCODAGE [OBSOLETE]
Date creation 20260416112254.0
Nom catalographe Joëlla Nshimirimana
040 ## - SOURCE DU CATALOGAGE
Organisme qui a effectué le catalogage original BI-BuBU
Code de la langue utilisée dans le catalogage fre
Organisme qui a effectué la transcription BI-BuBU
Organisme qui a effectué la modification BI-BuBU
041 0# - CODE DE LANGUE
Code de langue du texte/de la piste sonore ou du titre distinct fre
080 ## - INDICE DE LA CLASSIFICATION DÉCIMALE UNIVERSELLE (CDU)
Indice de la Classification décimale universelle 334.722
100 1# - VEDETTE PRINCIPALE - NOM DE PERSONNE
Code de relation Aut.
Nom de personne Dieusait Mmenge, Adolphe
245 10 - MENTION DU TITRE
Titre Structure financière du dirigeant ,gouvernance manageriale et reussité successorale des petites et moyennes entreprises familliales du kivu en RDC
Mention de responsabilité, etc. Adophe Dieusait Mmenge
260 ## - PUBLICATION, DIFFUSION, ETC. (ADRESSE BIBLIOGRAPHIQUE)
Lieu de publication, diffusion, etc. Bujumbura
Nom de l'éditeur, diffuseur, etc. Université du Burundi, Ecole Ecole doctorale
Date of publication, distribution, etc 2025
300 ## - DESCRIPTION MATÉRIELLE
Collation XIX - 212 f.
Dimensions 30 cm.
500 ## - NOTE GÉNÉRALE
Note générale Thése pour l'obtention du grade de docteur en Sciences de gestion<br/>Orientation : Gestion <br/>Spécialité : Finance et gouvernance d'entreprise
650 #7 - VEDETTE-MATIÈRE - NOM COMMUN
Source du terme BI-BuBU
Vedette de sujet ou vedette comportant un nom géographique Entreprise familiale
Subdivision géographique Kivu
-- RDC
655 #7 - TERME D'INDEXATION - GENRE OU FORME
Source du terme BI-BuBU
Données ou terme dominant sur le genre ou la forme Thèse
942 ## - ÉLÉMENTS D'ENTRÉE ADDITIONNELLE (KOHA)
Source de la classification ou du système de rangement
Type d item koha These
Holdings
Statut de retrait Statut de perte Source de la classification ou du système de rangement Statut de déterioration Exclu du prêt Numéro d item Koha Localisation permanente Localisation actuelle Date d'acquisition Source d'acquisition Nombre de prêts Cote Code-barres Date last seen Numéro d'exemplaire Prix en vigueur à partir du Type d item koha Numero d'inventaire
        Not For Loan 85605 Bibliothèque Centrale Bibliothèque Centrale 16/04/2026 don de l'auteur   R.334.722 DIE. 5010000672577 16/04/2026 1 16/04/2026 These 242178
© 2019-2026 - Bibliothèques de l'Université du Burundi |Tous droits réservés
home | Pour toute information urgente Contactez nous | tel whatsupp: +25779204313